Départements ayant placé Marine Le Pen en tête au 2nd tour 2022 - Statistiques

Statistiques générales
  • Ce quiz a été pris 161 fois
  • Le résultat moyen est 13 sur 28
Statistiques - réponses
Départements % Correct
Pas-de-Calais
80%
Var
72%
Aisne
60%
Vaucluse
60%
Somme
56%
Oise
55%
Meuse
53%
Ardennes
48%
Aude
48%
Aube
47%
Gard
46%
Vosges
46%
Corse du Sud
45%
Haute Corse
45%
Mayotte
45%
Guadeloupe
43%
Martinique
43%
Eure
40%
Haute-Marne
40%
Guyane
38%
Pyrénées Orientales
38%
Réunion
33%
Yonne
33%
Haute-Saône
32%
Alpes de Haute Provence
31%
Nièvre
28%
Tarn et Garonne
25%
Lot et Garonne
23%
Aucun quiz correspondant
Distribution des résultats
% des personnes avec chaque résultat
Percentile par nombre de réponses
Votre historique - résultats
Vous n’avez pas pris ce quiz